000 01064pab a2200181 454500
008 180718b2010 xxu||||| |||| 00| 0 eng d
100 _aTangirala, Maruthi P.
245 _aUPSC: Civil services examination and beyond
260 _c2010
300 _ap.920-932.
362 _aOct-Dec
520 _aThe higher civil service continues to play an important role in the governance system in spite of many questions as to its relevance. This article argues that the recent move to reform the preliminary state of the civil services examination (CSE) must be followed up by the logical next stages so as to improve the recruitment system that is so crucial to the overall personnel management system of government. It also makes out a case for taking steps to restore the constitutional importance of UPSC without overburdening it with routine administrative tasks that detract from institutional credibility. - Reproduced.
650 _aU.P.S.C.
650 _aCivil service
773 _aIndian Journal of Public Administration
908 _aN
909 _a90676
999 _c90676
_d90676